| 000 | 00000nas 2200000zi 4500 |
| 001 | 9.947045 |
| 003 | CaOODSP |
| 005 | 20250121113719 |
| 006 | m o d f |
| 007 | cr ||||||||||| |
| 008 | 250117d19881992onc | m o f0###a0eng|d |
| 040 | |aCaOODSP|beng|erda|cCaOODSP |
| 043 | |an-cn--- |
| 086 | 1 |aCo24-3/12E-PDF |
| 245 | 00|aEvaluation report = |bRapport d'évaluation. |
| 246 | 3 |aEvaluation report |
| 264 | 1|aOttawa : |bProgram Evaluation Division, Department of Communications. |
| 336 | |atext|btxt|2rdacontent |
| 337 | |acomputer|bc|2rdamedia |
| 338 | |aonline resource|bcr|2rdacarrier |
| 500 | |aDigitized edition from print [produced by Innovation, Science and Economic Development Canada]. |
| 500 | |aIssued also in French under title: Rapport d'évaluation. |
| 650 | 0|aCommunication in public administration|zCanada|xEvaluation. |
| 710 | 1 |aCanada. |bDepartment of Communications, |eissuing body. |
| 775 | 08|tRapport d'évaluation.|w(CaOODSP)9.947044 |